000 01029cam a2200349 i 4500
001 6441
003 OSt
005 20260409113147.0
008 770817s1977 nyua 001 0 eng
010 _a 76048002
020 _a0448129957 :
_c$1.95.
_a0448134241
020 _a9780448129952
020 _a9780448134246
035 _a4599396
040 _aDLC
_cDLC
_dDLC
050 0 0 _aTT197.5.B6
_bL4
082 0 0 _a684.16 LEA
100 1 _aLeavy, Herbert T.
245 1 0 _aBookshelves & storage units /
_cby Herbert Leavy.
260 _aNew York :
_bGrosset & Dunlap,
_c1977.
300 _a96 p. :
_bill. ;
_c28 cm.
336 _atext
_btxt
_2rdacontent
337 _aunmediated
_bn
_2rdamedia
338 _avolume
_bnc
_2rdacarrier
490 0 _aGrosset good life books
500 _aIncludes index.
650 0 _aShelving for books.
650 0 _aStorage in the home.
906 _a7
_bcbc
_corignew
_d2
_eocip
_f19
_gy-gencatlg
942 _2ddc
_cBK
_n0
999 _c6229
_d6229